000 01775nam1a2200373 i 4500
001 RU\NLR\bibl\1868774
005 20260405115319.0
035 _a(NLR Aleph) 001858630
090 _a2500572
_c2500572
100 _a20120213d2010 u y0rusy50 ca
101 0 _arus
_deng
_erus
_eeng
102 _aRU
105 _a||||z |||||
200 1 _aНефтяные и газовые месторождения России
_dOil and gas fields of Russia
_eсправочник
_eв 2 кн.
_fК.А. Клещев, В.С. Шеин
_zeng
210 _aМосква
_cВНИГНИ
_d2010
215 _d25
300 _aАвт. также на англ. яз.: K.A. Kleshchev, V.S. Shein
300 _aРез. на англ. яз.
463 0 _10011836334
463 0 _10011836337
510 0 _6z45790
_aOil and gas fields of Russia
_zeng
606 1 _aНефть
_jСправочники
_xМесторождения
_yРоссийская Федерация
_92211980
_3RU\NLR\auth\661328739
606 1 _aЕстественные газы
_jСправочники
_xМесторождения
_yРоссийская Федерация
_92207059
_3RU\NLR\auth\661325969
686 _aД454.1-09(2Р)я2
686 _aД454.2-09(2Р)я2
700 1 _aКлещев
_bК. А.
_f1935-
_gКонстантин Александрович
_4070
701 1 _4070
_8rus
_7ca
_aШеин
_bВ. С.
_f1938-
_gВасилий Степанович
_3RU\NLR\auth\7745699
_928634
790 1 _6z45
_aKleščev
_bK. A.
_f1935-
_gKonstantin Aleksandrovič
_4070
790 1 _4070
_8rus
_7ba
_aŠein
_bV. S.
_f1938-
_gVasilij Stepanovič
_3RU\NLR\auth\7745700
_928635
801 0 _aRU
_bNLR
_c20120213
_gRCR
801 1 _aRU
_bNLR
_c20120213
852 _aNLR
_j2011-7/6073
942 _cBOOK